Chico & Rita / (Registro nro. 5170)
[ vista simple ]
| 000 -CABECERA | |
|---|---|
| Longitud fija campo de control | 00859nam a2200277 a 4500 |
| 003 - • IDENTIFICADOR DELl NÚMERO DE CONTROL | |
| Identificador del número de control | CO-ViMGA |
| 008 - • CÓDIGOS DE INFORMACIÓN DE LONGITUD FIJA | |
| Códigos de información de longitud fija | 141112s2004 ck r 000 u spa d |
| 020 ## - • NÚMERO INTERNACIONAL NORMALIZADO PARA LIBROS | |
| Número Internacional Normalizado para Libros (ISBN) | 9789585731301 |
| 040 ## - FUENTE DE LA CATALOGACIÓN | |
| Centro catalogador de origen | CO-ViMGA |
| Lengua de catalogación | spa |
| Centro transcriptor | CO-ViMGA |
| 100 1# - • PUNTO DE ACCESO PRINCIPAL-NOMBRE DE PERSONA | |
| Nombre de persona | Trueba, Fernando, 1955 - |
| 245 10 - • TITULO PROPIAMENTE DICHO | |
| Título | Chico & Rita / |
| Mención de responsabilidad, etc. | Javier Mariscal, Fernando Trueba |
| 250 ## - • MENCIÓN DE EDICIÓN | |
| Mención de edición | 1a ed. |
| 300 ## - • DESCRIPCIÓN FÍSICA | |
| Extensión | 210 p. : il. col. |
| 650 14 - • PUNTO DE ACCESO ADICIONAL DE MATERIA - TÉRMINO DE MATERIA | |
| Término de materia o nombre geográfico como elemento inicial | AMOR - NOVELA |
| 650 14 - • PUNTO DE ACCESO ADICIONAL DE MATERIA - TÉRMINO DE MATERIA | |
| Término de materia o nombre geográfico como elemento inicial | AUTORES ESPAÑOLES |
| 650 14 - • PUNTO DE ACCESO ADICIONAL DE MATERIA - TÉRMINO DE MATERIA | |
| Término de materia o nombre geográfico como elemento inicial | COMICS |
| 650 14 - • PUNTO DE ACCESO ADICIONAL DE MATERIA - TÉRMINO DE MATERIA | |
| Término de materia o nombre geográfico como elemento inicial | ILUSTRADORES ESPAÑOLES |
| 650 14 - • PUNTO DE ACCESO ADICIONAL DE MATERIA - TÉRMINO DE MATERIA | |
| Término de materia o nombre geográfico como elemento inicial | LITERATURA ESPAÑOLA - SIGLO XX |
| 650 14 - • PUNTO DE ACCESO ADICIONAL DE MATERIA - TÉRMINO DE MATERIA | |
| Término de materia o nombre geográfico como elemento inicial | NOVELA GRAFICA |
| 651 ## - • PUNTO DE ACCESO ADICIONAL DE MATERIA - NOMBRE GEOGRÁFICO | |
| Nombre geográfico | CUBA - VIDA SOCIAL Y COSTUMBRES - SIGLO XX - NOVELA |
| 700 1# - • PUNTO DE ACCESO ADICIONAL - NOMBRE DE PERSONA | |
| Nombre de persona | Mariscal, Javier, 1950 - |
| 942 ## - ENTRADA DE ELEMENTOS AGREGADOS (KOHA) | |
| Fuente de clasificaión o esquema | Dewey Decimal Classification |
| Koha [por defecto] tipo de item | LIbro |
| Perdido | Fuente de clasificación o esquema | Estado Físico | No para préstamo | Forma de adquisición | Localización permanente | Localización actual | Localización en estanterías | Fecha adquisición | Fuente de adquisición | Signatura completa | Código de barras | Fecha última consulta | Número de copia | Fecha del precio de reemplazo | Tipo de item de Koha | Préstamos totales | Serie de enumeración / cronolog&íacute;a | Note pública |
|---|---|---|---|---|---|---|---|---|---|---|---|---|---|---|---|---|---|---|
| Dewey Decimal Classification | Colección General | Biblioteca Pública Cubarral | Biblioteca Pública Cubarral | Literatura | 08/02/2023 | H MAR49 | CUB02038 | 08/02/2023 | Ej.1 | 08/02/2023 | Libro Literatura | |||||||
| Dewey Decimal Classification | Colección General | Biblioteca Pública José Eustasio Rivera - San Martin | Biblioteca Pública José Eustasio Rivera - San Martin | Literatura | 07/10/2023 | H MAR49 | SM0002018 | 07/10/2023 | Ej.1 | 07/10/2023 | Libro Literatura | |||||||
| Dewey Decimal Classification | Colección General | Biblioteca Pública Puerto López - Jorge Eliecer Gaitán | Biblioteca Pública Puerto López - Jorge Eliecer Gaitán | General | 10/23/2025 | H MAR49 | PLZ03407 | 10/23/2025 | Ej.1 | 10/23/2025 | Libro Literatura | |||||||
| Dewey Decimal Classification | Sala General | Biblioteca Barrio Porfia - Villavicencio | Biblioteca Barrio Porfia - Villavicencio | 12/04/2015 | H MAR49 | 010621 | 12/04/2015 | Ej. 1 | 12/04/2015 | LIbro | 10/jul/2014 | |||||||
| Dewey Decimal Classification | Sala General | Biblioteca Comunitaria - Villavicencio | Biblioteca Comunitaria - Villavicencio | 12/04/2015 | H MAR49 | 26891 | 12/04/2015 | Ej. 2 | 12/04/2015 | LIbro | 28/ago/2014 | |||||||
| Dewey Decimal Classification | Colección General | Biblioteca Pública Acacias - Carlos María Hernández Rojas | Biblioteca Pública Acacias - Carlos María Hernández Rojas | Literatura | 05/10/2023 | H MAR 4 | ACA09201 | 05/10/2023 | Ej.1 | 05/10/2023 | Libro Literatura | |||||||
| Dewey Decimal Classification | Colección General | Biblioteca Pública Barranca de Upia - María Dolores Herrera | Biblioteca Pública Barranca de Upia - María Dolores Herrera | Literatura | 10/06/2023 | H MAR49 | BUP00977 | 10/06/2023 | Ej.1 | 10/06/2023 | LIbro | |||||||
| Sala General | Biblioteca Pública Departamental Eduardo Carranza - Villavicencio | Biblioteca Pública Departamental Eduardo Carranza - Villavicencio | General | 12/09/2014 | H MAR49 | ECA23325 | 11/26/2024 | Ej.1 | 11/26/2024 | LIbro | 17434 | 22363 | |||||||
| Dewey Decimal Classification | Literatura General | Biblioteca Pública Granada - Boca del Monte | Biblioteca Pública Granada - Boca del Monte | Literatura | 10/14/2022 | BIBLIOTECA NACIONAL DE COLOMBIA | MAR49 | GRDA05366 | 10/14/2022 | Ej.1 | 10/14/2022 | Libro Literatura | ||||||
| Dewey Decimal Classification | Colección General | Biblioteca Pública Guamal | Biblioteca Pública Guamal | Literatura | 02/07/2023 | H MAR49 | GUA000728 | 02/07/2023 | Ej.1 | 02/07/2023 | Libro Literatura | |||||||
| Dewey Decimal Classification | Biblioteca Pública Puerto Rico | Biblioteca Pública Puerto Rico | Literatura | 11/30/2022 | PROOOOOOL18 | HMAR49 | 11/30/2022 | Ej.1 | 11/30/2022 | Libro Literatura | ||||||||
| Clasificación Local Facetada | Literatura General | Biblioteca Pública San Juanito - Ernesto Maria Peña Romero | Biblioteca Pública San Juanito - Ernesto Maria Peña Romero | Literatura | 03/11/2026 | H MAR49 | SJU02915 | 03/11/2026 | Ej.1 | 03/11/2026 | Libro Literatura |